Statistics for i hate u, i love u - gnash Feat. Olivia O'Brien - All Lyrics

Click here to take the quiz!

General Stats

  • This quiz has been taken 103 times
  • The average score is 478 of 569

Answer Stats

Answer% Correct
hate
100%
I
100%
love
100%
that
100%
want
100%
When
100%
when
100%
You
100%
you,
100%
you
100%
you?
100%
a
98%
but
97%
But
97%
can
97%
can’t
95%
can't
95%
do
94%
Do
94%
lie
94%
Lie
94%
to
94%
to,
94%
And
90%
and
90%
Don’t
90%
don't
90%
like
90%
no
90%
your
90%
be
89%
her,
89%
her
89%
miss
89%
never
89%
"nevermind"
89%
me
87%
me?
87%
me,
87%
my
87%
need
87%
sleep
87%
else
85%
I’m
85%
I'm
85%
the
85%
go
84%
I'll
84%
nobody
84%
on
84%
in
82%
see
82%
we
82%
did
81%
feel
81%
heart
81%
heart,
81%
it
81%
Oh
81%
oh,
81%
too
81%
all
79%
All
79%
ever
79%
friends
79%
Friends
79%
got
79%
is
79%
night,
79%
of
79%
right
79%
Still
79%
still
79%
by
77%
know
77%
this
77%
what
77%
above
76%
Feeling
76%
from
76%
Just
76%
just
76%
put
76%
tell
76%
time
76%
would
76%
You’re
76%
after
74%
end
74%
every
74%
then
74%
used,
74%
always
73%
Always
73%
break
73%
coffee
73%
or
73%
reel
73%
so
73%
So
73%
tired,
73%
wanna
73%
around
71%
have
71%
how
71%
How
71%
hurts
71%
missing
71%
nights
71%
only
71%
seem
71%
She
71%
with
71%
wouldn't
71%
about
69%
attached
69%
eat
69%
remember
69%
were
69%
why
69%
if
68%
If
68%
kiss
68%
lips
68%
much
68%
now
68%
Now
68%
passing
68%
against
66%
care,
66%
could
66%
damn
66%
give
66%
she's
66%
should
66%
girl
65%
Realize
65%
seen
65%
you've
65%
been?
63%
Fucked
63%
get
63%
keep
63%
say
63%
watch
63%
Yeah,
63%
are
61%
let
61%
low
61%
some
61%
feelings,
60%
feelings
60%
shouldn't
60%
song
60%
thing
60%
alone,
58%
front
58%
it's
58%
seat
58%
arm
56%
gone
56%
gotta
56%
said
56%
shit
56%
sing
56%
bite
55%
dad
55%
does
55%
wrong
55%
fix
53%
fucking
53%
guess
53%
learned
53%
mind
53%
people
53%
sand
53%
Sometimes
53%
wanted
53%
good
52%
killing
52%
notice
52%
text,
52%
wonder
52%
Everyone
50%
moving
50%
slowly
50%
sweaters
50%
these
50%
trust
50%
mean
48%
stop
48%
bridges
47%
drinks
47%
lonely
47%
out,
47%
bells
45%
create
45%
distance
45%
mixed
45%
pulled
45%
Wedding
45%
alarms
44%
burn
44%
harm,
42%
thoughts
42%
Caution
40%
reminiscing
40%
tape
40%
type
40%
control
39%

Score Distribution

Percentile by Number Answered

Percent of People with Each Score

Your Score History

You have not taken this quiz